000 01059nam a22003497a 4500
003 CHAP
005 20220329141258.0
008 971010s1986 ne a r 00010 eng d
010 _a65632
011 _a66604
035 _a75036
040 _cCHAP
082 0 4 _a636.08
_bC61
100 0 0 _aCole, D. J. A.
_924624
245 1 _aBioindustrial ecosystems
260 _aAmsterdam :
_bElsevier,
_c1986
300 _a295 p.
_b: ilus.
490 _aEcosystems of the world
_v; 21
590 _aBATCH-UPD
_b10
_c20130110
_lUCH01
_h1646
590 _aBATCH-UPD
_b10
_c20130410
_lUCH01
_h1036
590 _aBATCH-UPD
_b10
_c20130914
_lUCH01
_h1001
590 _aCONVERSION
_b10
_c20130109
_lUCH01
_h1336
650 1 4 _aEcologĂ­a animal.
_935170
650 1 4 _aGanaderĂ­a.
_944604
650 1 4 _aGanado
_xEnfermedades.
_944909
650 1 4 _aZoonosis.
_9124194
700 0 _aBrander, G. C.
_915025
830 0 _aEcosystems of the world
_v; 21
_935295
901 _aBK
942 _cLIBRO
949 _a636.08 C61
_bBC
_cLIBRO
_d33724000258166
_eLIBRO
_gI.136149
_h70690
_i75036
_si
999 _c65632
_d65632